| 000 | 00550nam a2200169 i 4500 | ||
|---|---|---|---|
| 001 | 72987 | ||
| 003 | ES-MaACL | ||
| 007 | t| | ||
| 008 | 040906s1956 mx ||||1| spa d | ||
| 100 | 1 |
_aGoldenweiser, E. A. _957658 |
|
| 245 | 1 | 0 |
_aPolítica monetaria norteamericana / _cE.A. Goldenweiser ; traducción de Alfonso Bauer Paz. |
| 250 | _a[1ª ed.]. | ||
| 260 |
_aMéxico, etc. : _bFondo de Cultura Económica, _c[1956] ( _fPanamericana) |
||
| 300 |
_a295 p. ; _c22 cm. |
||
| 700 | 1 |
_aBauer Paz, Alfonso. _926567 |
|
| 852 |
_aES-MaACL _jE-7042 _bR.91321 |
||
| 999 |
_c72987 _d72987 |
||